[Event "Challenge"]
[Site "http://www.queenalice.com/game.php?id=796333"]
[Date "2010.6.28"]
[Round "-"]
[White "tyiyfeniii"]
[Black "RadiantDawn"]
[Result "0-1"]
[WhiteElo "1488"]
[BlackElo "1987"]

1. e4 c5 2. Nc3 e6 3. Nf3 Nc6 4. Bb5 a6 5. Bxc6 dxc6 6. O-O Nf6 7. d3 Be7 8. Bg5
h6 9. Bxf6 Bxf6 10. e5 Bg5 11. Nxg5 hxg5 12. Ne4 Qd4 13. Nxg5 Qxe5 14. Nf3 Qxb2
15. Qb1 Qf6 16. h3 g5 17. Qc1 g4 18. Nh2 gxh3 19. g3 Bd7 20. Qf4 Qxf4 21. gxf4
O-O-O 22. Rad1 Rdg8+ 23. Kh1 f5 24. Rg1 Kc7 25. Rxg8 Rxg8 26. Nf3 Rg2 27. Rd2 c4
28. d4 c5 29. Nh4 Rg4 30. Nf3 Bc6 31. d5 Bxd5 32. Kh2 Bxf3 33. Kxh3 Rg7 34. Kh4
b5 35. c3 Bd5 36. Kh5 Rg4 37. Kh6 Rxf4 38. Kg6 Rf3 39. Kg5 Rxc3 40. Kf6 Rd3 41.
Rxd3 cxd3 42. Ke5 d2 43. f4 d1=Q 44. a4 Qd4# 0-1

[Event "Let's Play Chess!"]
[Site "http://www.queenalice.com/game.php?id=796635"]
[Date "2010.6.29"]
[Round "-"]
[White "tyiyfeniii"]
[Black "spawnwolfwolverine"]
[Result "0-1"]
[WhiteElo "1507"]
[BlackElo "1661"]

1. e4 e5 2. Nf3 d6 3. Nc3 b6 4. Bc4 Bb7 5. O-O Nc6 6. d4 Nxd4 7. Nxd4 exd4 8.
Qxd4 Nf6 9. Bd5 Bxd5 10. exd5 Be7 11. Bg5 O-O 12. Ne4 Nxe4 13. Bxe7 Qxe7 14.
Rfe1 c5 15. Qxe4 Qxe4 16. Rxe4 g6 17. Rae1 f5 18. Re6 Rad8 19. g4 Kg7 20. Re7+
Rf7 21. Rxf7+ Kxf7 22. gxf5 gxf5 23. Re3 Kf6 24. Rh3 Rd7 25. Rh6+ Ke5 26. Rh5
Kxd5 27. Rxf5+ Kc6 28. Kg2 a5 29. Rf4 b5 30. a3 a4 31. Rf8 d5 32. Rf6+ Rd6 33.
Rxd6+ Kxd6 34. Kf3 b4 35. axb4 cxb4 36. Ke3 Ke5 37. f4+ Kf5 38. Kf3 d4 39. Ke2
Kxf4 40. Kd3 Ke5 41. Kc4 b3 42. cxb3 axb3 43. Kxb3 Ke4 44. Kc2 Ke3 45. Kd1 Kd3
46. b4 Kc4 0-1

[Event "Challenge"]
[Site "http://www.queenalice.com/game.php?id=797388"]
[Date "2010.7.1"]
[Round "-"]
[White "tyiyfeniii"]
[Black "sonysiam"]
[Result "0-1"]
[WhiteElo "1567"]
[BlackElo "1500"]

1. e4 e5 2. Nf3 f6 3. Nc3 d6 4. Bc4 Be6 5. Bxe6 Ne7 6. Nd5 c6 7. Nxe7 Bxe7 8. d4
d5 9. exd5 cxd5 10. dxe5 Qb6 11. Bxd5 Nd7 12. O-O fxe5 13. Bg5 Bc5 14. Be3 Qxb2
15. Bxc5 Nxc5 16. Nxe5 Rf8 17. Re1 O-O-O 18. Qg4+ Kb8 19. Qxg7 b6 20. Nc6+ Kc8
21. Nxa7+ Kb8 22. Nc6+ Kc8 23. Rab1 Qxg7 24. Rxb6 Rxd5 25. Rb8+ Kc7 26. Re7+
Qxe7 27. Nxe7 Rd1# 0-1

[Event "Challenge"]
[Site "http://www.queenalice.com/game.php?id=798211"]
[Date "2010.7.3"]
[Round "-"]
[White "tyiyfeniii"]
[Black "TrulyRees"]
[Result "1-0"]
[WhiteElo "1518"]
[BlackElo "1100"]

1. e4 Nf6 2. Nc3 b6 3. Nf3 e6 4. d4 g5 5. Nxg5 Rg8 6. Bc4 Rxg5 7. Bxg5 c6 8. e5
d5 9. Bxf6 Be7 10. Bxe7 Qxe7 11. Bd3 Nd7 12. O-O Bb7 13. Qg4 Kf8 14. Bxh7 Ba6
15. Qg8# 1-0

[Event "Challenge"]
[Site "http://www.queenalice.com/game.php?id=800197"]
[Date "2010.7.7"]
[Round "-"]
[White "tyiyfeniii"]
[Black "tortuga"]
[Result "1-0"]
[WhiteElo "1518"]
[BlackElo "1500"]

1. e4 e5 2. Nf3 Nc6 3. Bb5 a6 4. Bxc6 bxc6 5. O-O d6 6. Nc3 Nf6 7. d4 Bg4 8.
dxe5 dxe5 9. Qxd8+ Rxd8 10. Bg5 Be7 11. Bxf6 Bxf6 12. Rad1 O-O 13. Rxd8 1-0

[Event "Challenge"]
[Site "http://www.queenalice.com/game.php?id=801678"]
[Date "2010.7.11"]
[Round "-"]
[White "colombHouse"]
[Black "tyiyfeniii"]
[Result "1-0"]
[WhiteElo "1874"]
[BlackElo "1488"]

1. e4 e5 2. Nc3 Nf6 3. f4 exf4 4. e5 Qe7 5. Qe2 Ng8 6. Nd5 Qc5 7. Qc4 Qxc4 8.
Bxc4 Nc6 9. Nxc7+ Kd8 10. Nxa8 Bc5 11. d3 Nxe5 12. Bxf4 Nxc4 13. dxc4 Nf6 14.
O-O-O Nh5 15. Bc7+ Ke8 16. Rd5 Be3+ 17. Kb1 g6 18. Re5+ Kf8 19. Rxe3 Nf4 20.
Bxf4 Kg7 21. Nc7 Kf6 22. Be5+ Ke7 23. Bxh8+ Kd6 24. Nb5+ Kc5 25. Nxa7 Kxc4 26.
Nxc8 Kc5 27. Rc3+ Kd5 28. Nf3 Ke4 29. Re1+ Kf4 30. Rc4+ 1-0

[Event "Challenge"]
[Site "http://www.queenalice.com/game.php?id=801689"]
[Date "2010.7.11"]
[Round "-"]
[White "tyiyfeniii"]
[Black "bilu"]
[Result "1-0"]
[WhiteElo "1536"]
[BlackElo "1050"]

1. e4 d6 2. Nf3 Nf6 3. Nc3 Nc6 4. Bb5 e5 5. Bxc6+ bxc6 6. O-O Ba6 7. d3 c5 8.
Nd5 Nxd5 9. Bg5 f6 10. Bd2 Nf4 11. Bxf4 1-0

[Event "Challenge"]
[Site "http://www.queenalice.com/game.php?id=801696"]
[Date "2010.7.11"]
[Round "-"]
[White "tyiyfeniii"]
[Black "carlossaavedra"]
[Result "0-1"]
[WhiteElo "1536"]
[BlackElo "1558"]

1. e4 e5 2. Nf3 d6 3. Nc3 c6 4. Bc4 Bg4 5. h3 Bxf3 6. Qxf3 Qf6 7. Qxf6 Nxf6 8.
O-O a5 9. d3 b5 10. Bxb5 cxb5 11. Nxb5 Na6 12. Bg5 Rb8 13. c4 Be7 14. Na7 Rxb2
15. Nc8 Kd7 16. Rfb1 Rxb1+ 17. Rxb1 Kxc8 18. Rb6 Nc7 19. Be3 Na8 20. Rc6+ Kd7
21. Ra6 Rb8 22. Ra7+ Nc7 23. c5 Rb5 24. a4 Rb1+ 25. Kh2 Bd8 26. cxd6 Kxd6 27.
Rxa5 Ne6 28. Ra6+ Ke7 29. Ra7+ Nd7 30. f3 Bb6 31. Bxb6 Rxb6 32. Ra8 Nec5 33. Rb8
Rxb8 0-1

[Event "Challenge"]
[Site "http://www.queenalice.com/game.php?id=802242"]
[Date "2010.7.12"]
[Round "-"]
[White "tyiyfeniii"]
[Black "Euler"]
[Result "0-1"]
[WhiteElo "1536"]
[BlackElo "2045"]

1. e4 e5 2. Nf3 Nc6 3. Nc3 Nf6 4. Bb5 a6 5. Bxc6 dxc6 6. O-O Bd6 7. d4 Bg4 8.
dxe5 Bxf3 9. Qxf3 Bxe5 10. Rd1 Qe7 11. Bf4 O-O 12. Bxe5 Qxe5 13. Re1 Rfe8 14.
Re2 Rad8 15. Rd1 Rxd1+ 16. Nxd1 Nxe4 17. Nc3 Qg5 18. Rxe4 Qc1+ 19. Nd1 Rxe4 20.
h3 Re1+ 21. Kh2 Qxd1 22. Qf5 Qd6+ 23. g3 Qe6 24. Qxe6 fxe6 25. c4 Re2 26. Kg2
Rxb2 27. a4 Rc2 0-1

[Event "Challenge"]
[Site "http://www.queenalice.com/game.php?id=802563"]
[Date "2010.7.12"]
[Round "-"]
[White "tyiyfeniii"]
[Black "maxpredador"]
[Result "0-1"]
[WhiteElo "1536"]
[BlackElo "1554"]

1. e4 d5 2. exd5 Qxd5 3. Nc3 Qe6+ 4. Qe2 Qd6 5. Qd3 Qe6+ 6. Qe2 Qf6 7. Nf3 c6 8.
Qe5 Qg6 9. Nh4 Qxc2 10. Ne4 e6 11. Qc7 Qxe4+ 12. Be2 Qxh4 13. Qxc8+ Qd8 14.
Qxd8+ Kxd8 15. Bc4 b5 16. Bb3 Na6 17. O-O Bd6 18. d4 Nb4 19. Bg5+ f6 20. Bd2 Nd5
21. Bxd5 cxd5 22. Rfe1 Kd7 23. Re3 Nh6 24. Rb3 a6 0-1

[Event "Let's Play Chess!"]
[Site "http://www.queenalice.com/game.php?id=802564"]
[Date "2010.7.13"]
[Round "-"]
[White "tyiyfeniii"]
[Black "spawnwolfwolverine"]
[Result "0-1"]
[WhiteElo "1497"]
[BlackElo "1671"]

1. e4 e5 2. Nf3 d6 3. Nc3 Bg4 4. h3 Bxf3 5. Qxf3 Qf6 6. Qxf6 Nxf6 7. Bc4 Be7 8.
d3 O-O 9. Bd5 c6 10. Bb3 a6 11. O-O b5 12. Rd1 a5 13. a4 b4 14. Ne2 Na6 15. c3
c5 16. Ng3 h6 17. Nf5 Ra7 18. Nh4 Nh7 19. Ng6 Rb8 20. Nxe7+ Rxe7 21. Bc4 Nc7 22.
Re1 Ne6 23. Bxe6 fxe6 24. Re3 d5 25. exd5 exd5 26. d4 bxc3 27. Rxc3 cxd4 28. Rg3
Kh8 29. Rb1 e4 30. b3 Rbe8 31. Ba3 Re5 32. b4 axb4 33. Rxb4 d3 34. Rd4 Nf6 35.
Bd6 Rg5 36. Rxg5 hxg5 37. f3 g6 0-1

[Event "Challenge"]
[Site "http://www.queenalice.com/game.php?id=803935"]
[Date "2010.7.15"]
[Round "-"]
[White "tyiyfeniii"]
[Black "TrulyRees"]
[Result "1-0"]
[WhiteElo "1536"]
[BlackElo "885"]

1. e4 Nf6 2. Nc3 c5 3. Nf3 Qc7 4. Bc4 g6 5. Nd5 b5 6. Nxc7+ Kd8 7. Nxa8 Bb7 8.
Bxf7 Bxa8 9. Ne5 Bxe4 10. Bb3 Bxg2 11. Nf7+ Ke8 12. Nxh8 Bxh1 13. Bf7+ Kd8 14.
d4 Nc6 15. d5 Nxd5 16. Bxd5 1-0

[Event "Challenge"]
[Site "http://www.queenalice.com/game.php?id=805300"]
[Date "2010.7.19"]
[Round "-"]
[White "tyiyfeniii"]
[Black "marcos94"]
[Result "0-1"]
[WhiteElo "1486"]
[BlackElo "1823"]

1. e4 c5 2. Nc3 d6 3. Nf3 a6 4. Bc4 Nf6 5. O-O b5 6. Nxb5 axb5 7. Bxb5+ Bd7 8.
Qe2 Bxb5 9. Qxb5+ Qd7 10. Qb6 Qc6 11. Qxc6+ Nxc6 12. d4 Nxd4 13. Nxd4 cxd4 14.
Rd1 e5 15. Bg5 Nxe4 16. Bh4 Be7 17. Bxe7 Kxe7 18. Rd3 Rhb8 19. b3 Nc3 20. a4 e4
21. Rxd4 Ne2+ 22. Kf1 Nxd4 23. Re1 d5 24. Re3 Rxa4 25. bxa4 Rb1+ 26. Re1 Rxe1+
27. Kxe1 Nxc2+ 28. Kd2 Nb4 29. Kc3 Nc6 30. Kb3 Kd6 31. f4 Kc5 32. Kc3 d4+ 33.
Kd2 Kc4 34. Ke2 Kc3 35. f5 d3+ 36. Kd1 e3 37. Ke1 Kc2 38. f6 d2+ 39. Ke2 d1=Q+
40. Kxe3 Qd4+ 41. Ke2 Ne5 0-1

[Event "Challenge"]
[Site "http://www.queenalice.com/game.php?id=808249"]
[Date "2010.7.25"]
[Round "-"]
[White "tyiyfeniii"]
[Black "Gabsy"]
[Result "0-1"]
[WhiteElo "1488"]
[BlackElo "1287"]

1. e4 e5 2. Nf3 Nc6 3. Nc3 g6 4. Bb5 f5 5. exf5 gxf5 6. Bxc6 bxc6 7. Nxe5 Qe7 8.
Qh5+ Kd8 9. d4 d6 10. Bg5 Nf6 11. Bxf6 Qxf6 12. Nf7+ Ke7 13. Nxh8 Be6 14. O-O
Qxh8 15. Qg5+ Qf6 16. Qxf6+ Kxf6 17. Rad1 d5 18. Rde1 Rb8 19. Re2 Rxb2 20. Rfe1
Bd7 21. a4 Bb4 22. Re3 Rxc2 23. Rf3 Bxc3 24. Rd1 h5 25. Rh3 Kg6 26. Rg3+ Kh6 27.
Kf1 Bxd4 28. Rxd4 Rc1+ 29. Ke2 Rc2+ 30. Rd2 Rc4 31. Rdd3 Rxa4 32. Rb3 d4 33. Kd3
Be6 34. Rb7 f4 35. Rg8 Bxg8 0-1

[Event "Challenge"]
[Site "http://www.queenalice.com/game.php?id=809529"]
[Date "2010.7.27"]
[Round "-"]
[White "tyiyfeniii"]
[Black "marcos94"]
[Result "0-1"]
[WhiteElo "1486"]
[BlackElo "1817"]

1. e4 c5 2. Nc3 d6 3. Nf3 a6 4. Bc4 Nf6 5. O-O b5 6. Bd5 Nxd5 7. Nxd5 e6 8. Nc3
Be7 9. d4 cxd4 10. Nxd4 Bb7 11. e5 dxe5 12. Nf3 Qxd1 13. Rxd1 Bxf3 14. gxf3 Nc6
15. Re1 Nd4 16. Rxe5 Nxf3+ 17. Kg2 Nxe5 18. Bf4 Ng6 19. Ne2 Nxf4+ 20. Nxf4 Rc8
21. Rc1 Bg5 22. Kg3 Rc4 23. Nd3 Bxc1 24. Nxc1 Rxc2 25. Nd3 Ke7 26. Ne5 Rd8 27.
Kf3 Rdd2 28. Ng4 Rxb2 29. Ne3 Rxf2+ 30. Kg3 Rxh2 31. Kf3 Rh3+ 32. Ke4 Rxe3+ 33.
Kxe3 h5 34. Kd3 h4 0-1

[Event "Challenge"]
[Site "http://www.queenalice.com/game.php?id=813386"]
[Date "2010.8.4"]
[Round "-"]
[White "tyiyfeniii"]
[Black "betogroo"]
[Result "0-1"]
[WhiteElo "1523"]
[BlackElo "1511"]

1. e4 e5 2. Nf3 Nc6 3. Nc3 Nf6 4. Bb5 Bc5 5. O-O Ng4 6. Bxc6 dxc6 7. d4 exd4 8.
Qd3 dxc3 9. Qxd8+ Kxd8 10. Ng5 Re8 11. Nxf7+ Ke7 12. Ng5 h6 13. Nf3 b5 14. bxc3
Ba6 15. Nh4 b4 16. Ng6+ Kf7 17. Nf4 Rxe4 18. cxb4 Bxf1 19. Kxf1 Nxh2+ 20. Kg1
Bd6 21. Nd3 Rae8 22. Bb2 Ng4 23. Re1 Rxe1+ 0-1